| 000 | 00361nam a22001457a 4500 | ||
|---|---|---|---|
| 008 | 241109b |||||||| |||| 00| 0 eng d | ||
| 020 | _a978-81-317-9061-8 | ||
| 100 | _aK. A. Ross & C. R. B. Wright | ||
| 245 | _aDiscrete Mathematics 5th Ed. | ||
| 250 | _a5th Ed. | ||
| 260 |
_aNoida _bPearson Pub _c2022 |
||
| 300 | _a605 | ||
| 650 | _aCSE | ||
| 942 |
_2ddc _cBK |
||
| 999 |
_c21010 _d21010 |
||